[Event "AUTO-MASTER-1833"]
[Site "http://www.queenalice.com/game.php?id=1196382"]
[Date "2013.7.2"]
[Round "2"]
[White "Canuma"]
[Black "MikeDoherty"]
[Result "1-0"]
[WhiteElo "2409"]
[BlackElo "2328"]

1. e4 c5 2. Nf3 Nc6 3. c3 d5 4. exd5 Qxd5 5. d4 cxd4 6. cxd4 Bg4 7. Be2 O-O-O 8.
Nc3 Qd7 9. d5 Bxf3 10. Bxf3 Ne5 11. O-O e6 12. Bf4 Bd6 13. Rc1 Kb8 14. dxe6 fxe6
15. Ne4 Nxf3+ 16. Qxf3 Bxf4 17. Qxf4+ Ka8 18. Nc5 Qe7 19. Rfe1 e5 20. Rxe5 Qf6
21. Qe4 Qc6 22. Qxc6 bxc6 23. Nb3 Nf6 24. Kf1 Rhf8 25. Re7 g6 26. Na5 Rb8 27. b3
Rfe8 28. Rc7 Rec8 29. R1xc6 1-0

[Event "AUTO-MASTER-1833"]
[Site "http://www.queenalice.com/game.php?id=1196383"]
[Date "2013.7.2"]
[Round "2"]
[White "MikeDoherty"]
[Black "davi_sales"]
[Result "1-0"]
[WhiteElo "2296"]
[BlackElo "2168"]

1. e4 c5 2. Nf3 d6 3. Bc4 Nf6 4. Nc3 e6 5. O-O a6 6. d3 Nc6 7. a4 Be7 8. Re1 O-O
9. Bg5 h6 10. Bf4 d5 11. Bb3 d4 12. Ne2 1-0

[Event "AUTO-MASTER-1833"]
[Site "http://www.queenalice.com/game.php?id=1196384"]
[Date "2013.7.2"]
[Round "2"]
[White "davi_sales"]
[Black "MikeDoherty"]
[Result "0-1"]
[WhiteElo "2144"]
[BlackElo "2307"]

1. d4 Nf6 2. c4 e6 3. Nc3 Bb4 4. e3 O-O 5. Bd3 d5 6. Nf3 dxc4 7. Bxc4 c5 8. O-O
Nbd7 9. Qc2 a6 10. dxc5 Bxc5 11. e4 Qc7 12. Kh1 b5 13. Bb3 Bb7 14. Bg5 Rac8 15.
Bxf6 Nxf6 16. Rae1 Qf4 17. Qd2 Qg4 18. h3 Qh5 0-1

[Event "AUTO-MASTER-1833"]
[Site "http://www.queenalice.com/game.php?id=1196385"]
[Date "2013.7.2"]
[Round "2"]
[White "MikeDoherty"]
[Black "Kavkaz95"]
[Result "1-0"]
[WhiteElo "2267"]
[BlackElo "2045"]

1. e4 e5 2. Nf3 Nc6 3. Bb5 Bc5 4. O-O d6 5. c3 Bg4 6. d4 Bxf3 7. gxf3 a6 8.
Bxc6+ bxc6 9. dxc5 d5 10. Qa4 Ne7 11. Be3 O-O 12. Kh1 f5 13. Bg5 Qe8 14. Bxe7
Qxe7 15. Qxc6 1-0

[Event "AUTO-MASTER-1833"]
[Site "http://www.queenalice.com/game.php?id=1196386"]
[Date "2013.7.2"]
[Round "2"]
[White "Kavkaz95"]
[Black "MikeDoherty"]
[Result "0-1"]
[WhiteElo "1967"]
[BlackElo "2267"]

1. e4 c5 2. Nf3 Nc6 3. c3 d5 4. e5 Bg4 5. Bb5 e6 6. d4 Qb6 7. Qd3 Bf5 8. Qe2 c4
9. Bxc6+ Qxc6 10. Nbd2 Be7 11. O-O Bd3 12. Qe3 Bxf1 13. Nxf1 Nh6 14. Ng3 O-O-O
0-1

[Event "AUTO-MASTER-1824"]
[Site "http://www.queenalice.com/game.php?id=1201115"]
[Date "2013.7.19"]
[Round "2"]
[White "MikeDoherty"]
[Black "Talon"]
[Result "0-1"]
[WhiteElo "2318"]
[BlackElo "2467"]

1. e4 c5 2. Nf3 d6 3. d4 cxd4 4. Nxd4 Nc6 5. Nc3 Nf6 6. Bc4 e6 7. O-O Be7 8. Bb3
O-O 9. Be3 Na5 10. Qf3 Bd7 11. Qg3 b5 12. Bh6 Ne8 13. Be3 b4 14. Nce2 Qc7 15. c3
Qb7 16. Bc2 bxc3 17. bxc3 Nc4 18. Rfb1 Qc8 19. Bd3 Nxe3 20. Qxe3 Nf6 21. Rb3 Bd8
22. Rab1 e5 23. Nb5 Bb6 24. Qd2 Qd8 25. Ng3 Be6 26. c4 Ng4 27. Nh1 Qh4 28. h3
Nf6 29. Nxd6 Rfd8 30. Rxb6 axb6 31. Rxb6 Nd7 32. Rc6 Nb8 33. Rb6 Qe7 34. Qb2
Rxd6 35. Qb4 Rd7 36. Rxb8+ Rxb8 37. Qxb8+ Qd8 0-1

[Event "AUTO-MASTER-1824"]
[Site "http://www.queenalice.com/game.php?id=1201116"]
[Date "2013.7.19"]
[Round "2"]
[White "Talon"]
[Black "MikeDoherty"]
[Result "1-0"]
[WhiteElo "2455"]
[BlackElo "2304"]

1. d4 Nf6 2. c4 c5 3. d5 g6 4. Nc3 Bg7 5. e4 d6 6. Nf3 O-O 7. h3 Na6 8. Bd3 Nd7
9. O-O Ne5 10. Nxe5 Bxe5 11. Bh6 Bg7 12. Bxg7 Kxg7 13. f4 Nc7 14. f5 f6 15. Rf3
gxf5 16. exf5 Kh8 17. Qe2 Rf7 18. Re1 Bd7 19. Re3 Qf8 20. Rxe7 Rg7 21. Kf2 Re8
22. Rxe8 Qxe8 23. Qxe8+ Nxe8 24. Re3 Kg8 25. Be2 Kf8 26. Bh5 Rg5 27. g4 Rg7 28.
Bxe8 Bxe8 29. Ne4 1-0

[Event "AUTO-MASTER-1824"]
[Site "http://www.queenalice.com/game.php?id=1201117"]
[Date "2013.7.19"]
[Round "2"]
[White "MikeDoherty"]
[Black "jotu"]
[Result "1-0"]
[WhiteElo "2349"]
[BlackElo "2276"]

1. e4 c5 2. Nf3 d6 3. c3 Nf6 4. Be2 g6 5. O-O Bg7 6. d3 O-O 7. h3 Nc6 8. Be3 a6
9. Qd2 b5 10. Bh6 e5 11. Na3 d5 12. Bxg7 Kxg7 13. Qe3 d4 14. cxd4 cxd4 15. Qd2
Be6 16. Rfc1 Bd7 17. Rc5 Qb6 18. b4 Rfe8 19. Rac1 Rac8 20. Bd1 Nh5 21. g3 Bxh3
22. Ng5 Bd7 23. Bxh5 gxh5 24. f4 Bg4 25. f5 Na7 26. f6+ Kg6 27. Nxf7 Kxf7 28.
Qh6 Qxf6 29. Qxh7+ Kf8 30. Qxa7 Kg8 31. Rxc8 Rxc8 32. Rxc8+ Bxc8 33. Qb8 Qe6 34.
Nc2 Kf7 35. Ne1 Ke8 36. Nf3 Kd8 37. Qxe5 Qxa2 38. Qxd4+ Kc7 39. Qc5+ Kb8 40. Ne5
Kb7 41. Qc6+ Kb8 42. Qd6+ Kb7 43. Nd7 Bxd7 44. Qxd7+ Kb8 45. Qd6+ Ka7 46. e5 1-0

[Event "AUTO-MASTER-1824"]
[Site "http://www.queenalice.com/game.php?id=1201118"]
[Date "2013.7.19"]
[Round "2"]
[White "jotu"]
[Black "MikeDoherty"]
[Result "0-1"]
[WhiteElo "2321"]
[BlackElo "2322"]

1. e4 e6 2. d4 d5 3. Nc3 Bb4 4. e5 Ne7 5. a3 Bxc3+ 6. bxc3 O-O 7. Bd3 b6 8. h4
Ba6 9. h5 Bxd3 10. Qxd3 Nd7 11. h6 g6 12. Bg5 f6 13. exf6 Nxf6 14. f3 Qd6 15.
Ne2 c5 16. O-O Nc6 17. Nf4 Na5 18. Rfe1 Rae8 19. Re2 Nd7 20. Nh3 Nc4 21. Rae1 e5
22. Bf4 Rf5 23. g4 Rf7 24. Bh2 b5 25. Kg2 Rfe7 26. Qd1 Nxa3 27. Qa1 Nc4 28. Qxa7
Qc6 29. Qa1 Qf6 30. g5 Qf5 31. Bf4 cxd4 32. cxd4 e4 33. Kg3 e3 34. Qb1 Nd2 35.
Qxb5 Nxf3 36. Rd1 Re4 0-1

[Event "AUTO-MASTER-1844"]
[Site "http://www.queenalice.com/game.php?id=1201585"]
[Date "2013.7.21"]
[Round "2"]
[White "goldenboy"]
[Black "MikeDoherty"]
[Result "1/2-1/2"]
[WhiteElo "2102"]
[BlackElo "2272"]

1. e4 c5 2. Nc3 Nc6 3. f4 d6 4. Bb5 Bd7 5. Nf3 g6 6. d4 Bg7 7. dxc5 dxc5 8. e5
Nh6 9. Be3 b6 10. O-O O-O 11. Qd2 Nf5 12. Bf2 a6 13. Bxc6 Bxc6 14. Qxd8 Rfxd8
15. Rad1 Bxf3 16. gxf3 Bh6 17. Bg3 Ne3 18. Rxd8+ Rxd8 19. Rf2 Nd1 20. Nxd1 Rxd1+
21. Kg2 Kf8 22. Re2 e6 23. Kf2 Ke8 24. Re1 Rxe1 25. Kxe1 Kd7 26. c4 Kc6 27. Ke2
b5 28. Kd3 Bg7 29. a3 Kd7 30. b4 Kc6 31. Bf2 bxc4+ 32. Kxc4 cxb4 33. axb4 Bf8
34. Bd4 Be7 35. h3 Bd8 36. Bc5 1/2-1/2

[Event "AUTO-MASTER-1844"]
[Site "http://www.queenalice.com/game.php?id=1201586"]
[Date "2013.7.21"]
[Round "2"]
[White "MikeDoherty"]
[Black "goldenboy"]
[Result "1-0"]
[WhiteElo "2264"]
[BlackElo "2111"]

1. e4 e5 2. Nf3 Nc6 3. Bb5 Nf6 4. O-O Bc5 5. Bxc6 dxc6 6. Nxe5 Nxe4 7. Qe2 f5 8.
d3 Qe7 9. Qh5+ g6 10. Nxg6 Nf6 11. Qh4 hxg6 12. Qxh8+ Qf8 13. Qxf8+ Kxf8 14. Be3
Bd6 15. Nc3 f4 16. Bd4 Ng4 17. Ne4 Bf5 18. Nxd6 cxd6 19. Rfe1 Kf7 20. f3 Nf6 21.
Bxf6 Kxf6 22. Re2 Rd8 23. Rae1 Rd7 24. Re8 a6 25. Rf8+ Kg7 26. Ree8 Rc7 27. Kf2
d5 28. Ke2 c5 29. Kd2 d4 30. Rd8 b5 31. Rfe8 a5 32. Rb8 b4 33. Ra8 a4 34. Reb8
Bd7 35. Ra6 Bc6 36. Rbb6 Be8 37. Rd6 Kh6 38. Rf6 Kg5 39. Rfe6 Bb5 40. Rxg6+ Kh5
41. Rh6+ Kg5 42. Raf6 1-0

[Event "AUTO-MASTER-1871"]
[Site "http://www.queenalice.com/game.php?id=1225045"]
[Date "2013.10.16"]
[Round "2"]
[White "battit"]
[Black "MikeDoherty"]
[Result "0-1"]
[WhiteElo "2298"]
[BlackElo "2297"]

1. e4 c5 2. Nc3 Nc6 3. b3 g6 4. Bb2 Bg7 5. Nf3 Nf6 6. Bb5 O-O 7. Bxc6 bxc6 8.
O-O Nxe4 9. Re1 Nxc3 10. Bxc3 Bxc3 11. dxc3 d6 12. Qd2 Bg4 13. Qf4 Bxf3 14. Qxf3
d5 15. Qe3 Qa5 16. h4 Rfe8 17. Qe5 Qd8 18. h5 e6 19. Rad1 Qe7 20. Rd3 f6 21. Qe2
e5 22. hxg6 hxg6 23. Rg3 Kg7 24. Qg4 Qf7 25. Qf5 Rh8 26. Ree3 Rh6 27. f4 e4 28.
c4 Kh7 29. Qg4 f5 30. Qe2 d4 0-1

[Event "AUTO-MASTER-1871"]
[Site "http://www.queenalice.com/game.php?id=1225046"]
[Date "2013.10.16"]
[Round "2"]
[White "MikeDoherty"]
[Black "battit"]
[Result "1-0"]
[WhiteElo "2311"]
[BlackElo "2281"]

1. e4 c5 2. Nf3 d6 3. d4 cxd4 4. Nxd4 Nf6 5. Nc3 g6 6. Be2 Bg7 7. Be3 Nc6 8.
Nxc6 bxc6 9. e5 dxe5 10. Qxd8+ Kxd8 11. Bc4 Rf8 12. Bc5 Nd7 13. O-O-O Ke8 14.
Be3 Nb6 15. Bb3 Ba6 16. h4 Rd8 17. Rxd8+ Kxd8 18. h5 Ke8 19. hxg6 hxg6 20. Rh7
Rg8 21. Ne4 Bc4 22. Bxc4 Nxc4 23. Bxa7 Rh8 24. Rxh8+ Bxh8 25. Nd2 Nd6 26. a4 Kd7
27. Nb3 Bf6 28. c3 Bg5+ 29. Kc2 e4 30. a5 Kc7 31. Nc5 Bf4 32. Bb6+ Kb8 33. g3
Bg5 34. a6 e6 35. Bc7+ 1-0

[Event "AUTO-MASTER-1871"]
[Site "http://www.queenalice.com/game.php?id=1225050"]
[Date "2013.10.16"]
[Round "2"]
[White "leoarthur"]
[Black "MikeDoherty"]
[Result "0-1"]
[WhiteElo "2148"]
[BlackElo "2343"]

1. e4 c5 2. Nf3 d6 3. d4 cxd4 4. Qxd4 Nc6 5. Bb5 Bd7 6. Bxc6 Bxc6 7. Nc3 e6 8.
Be3 Nf6 9. O-O-O Qa5 10. Kb1 Be7 11. Rhe1 O-O 12. h3 b5 13. Bg5 b4 14. Ne2 Rac8
15. Ng3 Ba4 16. b3 Bb5 17. Nh5 e5 18. Qd2 Rc3 19. Bxf6 Bxf6 20. Nxf6+ gxf6 21.
Qxd6 Rxc2 22. a4 Rc6 23. Qd5 Rc5 24. Qd6 Rc6 25. Qd2 Rc3 26. Re3 Bc6 27. Kb2 Qb6
28. Re2 Qa6 29. Nh4 Bxa4 30. Re3 Bxb3 31. Kb1 Bc2+ 0-1

[Event "Challenge"]
[Site "http://www.queenalice.com/game.php?id=1272783"]
[Date "2014.4.13"]
[Round "-"]
[White "Islander"]
[Black "MikeDoherty"]
[Result "1/2-1/2"]
[WhiteElo "2270"]
[BlackElo "2367"]

1. e4 e6 2. d4 d5 3. e5 c5 4. c3 Nc6 5. Nf3 Qb6 6. a3 Bd7 7. b4 cxd4 8. cxd4
Nge7 9. Nc3 Nf5 10. Na4 Qd8 11. Bb2 b6 12. Bd3 g6 13. O-O Bg7 14. Re1 O-O 15.
Bxf5 exf5 16. Nc3 Be6 17. Nb5 Qd7 18. Qe2 a5 19. Bc3 Na7 20. Nxa7 Rxa7 21. bxa5
bxa5 22. Qd2 Qa4 23. Rec1 Rc8 24. Bb2 Rb8 25. Bc3 Rb3 26. Qd1 Bd7 27. Nd2 Rxa3
28. Qxa4 Rxa4 29. Rxa4 Bxa4 30. Ra1 Bd7 31. Rxa5 Rxa5 32. Bxa5 Ba4 33. f4
1/2-1/2

[Event "Challenge"]
[Site "http://www.queenalice.com/game.php?id=1308266"]
[Date "2014.9.15"]
[Round "-"]
[White "AAABBB"]
[Black "MikeDoherty"]
[Result "1-0"]
[WhiteElo "2781"]
[BlackElo "2363"]

1. e4 c5 2. Nf3 Nc6 3. d4 cxd4 4. Nxd4 Nf6 5. Nc3 d6 6. Bb5 Bd7 7. O-O g6 8. Be3
Bg7 9. Be2 O-O 10. Qd2 Rc8 11. Nxc6 bxc6 12. f3 Qc7 13. Bc4 Rfd8 14. Qf2 Ra8 15.
Rad1 Qa5 16. Bb3 c5 17. e5 Ne8 18. Nd5 Bxe5 19. Nxe7+ Kf8 20. Qh4 c4 21. Rd5 Qc7
22. Rxe5 dxe5 23. Nd5 Qd6 24. Qxh7 Qxd5 25. Bg5 Qd4+ 26. Kh1 e4 27. Bxc4 Nd6 28.
fxe4 Be8 29. Bb3 Rab8 30. Bf6 Qxf6 31. Rxf6 Rxb3 32. cxb3 Nxe4 33. Rf1 1-0

[Event "Challenge"]
[Site "http://www.queenalice.com/game.php?id=1308267"]
[Date "2014.9.15"]
[Round "-"]
[White "MikeDoherty"]
[Black "AAABBB"]
[Result "0-1"]
[WhiteElo "2364"]
[BlackElo "2755"]

1. e4 e5 2. Nf3 Nc6 3. Bb5 a6 4. Ba4 Nf6 5. O-O Be7 6. Nc3 d6 7. Bxc6+ bxc6 8.
d4 exd4 9. Nxd4 Bd7 10. Re1 O-O 11. Bf4 Re8 12. Qd3 d5 13. e5 Nh5 14. Bd2 c5 15.
Nf3 Be6 16. h3 g6 17. b3 Ng7 18. g4 h5 19. Nh2 Qd7 20. Qf3 hxg4 21. hxg4 a5 22.
Qf4 a4 23. Nxa4 d4 24. Nb2 Ra3 25. Nc4 Bxc4 26. bxc4 Qa4 27. Qe4 Qxc4 0-1

[Event "Challenge"]
[Site "http://www.queenalice.com/game.php?id=1334713"]
[Date "2015.1.13"]
[Round "-"]
[White "MikeDoherty"]
[Black "Islander"]
[Result "1-0"]
[WhiteElo "2362"]
[BlackElo "2252"]

1. d4 d5 2. c4 e6 3. Nc3 Nf6 4. Nf3 Be7 5. Bg5 O-O 6. e3 h6 7. Bh4 Ne4 8. Bxe7
Qxe7 9. Qc2 c6 10. Bd3 Nxc3 11. Qxc3 dxc4 12. Bxc4 Nd7 13. O-O b6 14. Rad1 Bb7
15. e4 c5 16. d5 exd5 17. exd5 Qd6 18. Nh4 g6 19. Rfe1 1-0